000
00221 a2200097 4500
001
42012
100
_a
Eur
245
_a
The Europ Year Book 1985 (Vol-I)
260
_a
_b
Europa Publication Ltd
_c
090
_c
26054
_d
26054
942
_a
NUST-CAE
_c
M
_c
17841
999
_c
277085
_d
277085